20 Biggest Countries - Statistics

General Stats
  • This quiz has been taken 26 times
  • The average score is 17 of 20
Answer Stats
Total Area (km) Answer % Correct
7,741,220 Australia
100%
8,510,346 Brazil
100%
9,984,670 Canada
100%
9,596,960 China
100%
3,287,263 India
100%
17,098,246 Russia
100%
2,780,400 Argentina
96%
1,964,375 Mexico
96%
2,344,858 Democratic Republic of the Congo
91%
2,724,910 Kazakhstan
91%
2,381,741 Algeria
87%
1,284,000 Chad
83%
1,904,569 Indonesia
83%
1,285,216 Peru
78%
2,149,690 Saudi Arabia
78%
1,648,195 Iran
74%
1,564,116 Mongolia
74%
1,861,484 Sudan
74%
9,525,067 United States of America
65%
1,759,540 Libya
52%
No matching quizzes found
Score Distribution
Percent of People with Each Score
Percentile by Number Answered
Your Score History
You have not taken this quiz